000 01206nam a2200265 i 4500
001 124842
003 ES-MaACL
005 20251219124116.0
007 t|
008 070423s1931 sp |||| | spa d
100 1 _aAznar, Severino,
_d1870-1959
_924307
245 1 3 _aEl seguro de maternidad y los médicos
_b: conferencia dada a los médicos alumnos de la Escuela Nacional de Sanidad el día 30 de octubre de 1931 /
_cpor Severino Aznar.
260 _aMadrid :
_b[s.n.],
_c1931 (
_fImp. y Enc. de los Sobrinos de la Suc. de M. Minuesa de los Ríos)
300 _a37 p. ;
_c21 cm.
490 1 _aPublicaciones del Instituto Nacional de Previsión ;
_v296
530 _aDisponible en formato digital.
650 _aSubsidio de maternidad-
_zEspaña.
_917240
710 2 _aInstituto Nacional de Previsión (España)
_95180
710 2 _aEscuela Nacional de Sanidad (España)
_9141228
830 1 _aPublicaciones del Instituto Nacional de Previsión ;
_v296
_9181151
852 _aES-MaACL
_jC-12650(9)
_cSPAL
856 4 _uhttp://bvingesa.mspsi.es/bvingesa/es/catalogo_imagenes/grupo.cmd?path=1000560
_y(Instituto Nacional de Gestión Sanitaria)
942 _2udc
999 _c124842
_d124842